000 00271nam a2200109Ia 4500
008 200302s9999 xx 000 0 und d
100 _aPeter Tregenza
245 _aThe Design of Interior Circulation
260 _bGranada publishing Ltd.
260 _c1976
300 _a159 P.,
999 _c358
_d358